TACONAFIDE - SOMA 0,5 mg - Statystyki

Ogólne statystyki
  • Ten quiz został rozwiązany 228 razy
  • Średni wynik to 11 z 15
Statystyki odpowiedzi
Numer Utwór % Poprawnych
9 Tamagotchi
94%
6 Kryptowaluty
92%
8 8 kobiet
85%
11 VISA
82%
1 Intro
80%
3 Art-B
77%
4 Ekodiesel
77%
15 Soma
73%
10 Nóż
72%
2 Metallica 808
69%
5 Wiem
65%
14 Sectumsempra
59%
7 PIN
55%
12 Mleko & Miód
54%
13 Giro d'Italia
46%
Nie znaleziono quizów pasujących do podanych kryteriów
Rozkład punktacji
Procent ludzi z każdym wynikiem
Percentyl według liczby udzielonych odpowiedzi
Twoja historia wyników
Nie rozwiązałeś tego quizu